00565nam a2200193Ia 4500008004100000020001800041020001500059082001200074082001500086245005600101245005500157250001200212250003900224260001100263260001900274260000900293700002000302700004900322210417s9999 xx 000 0 und d a9789533077062 b9533077069 a577 GRI b22.577 GRI 0a Biological diversity and sustainable resources use 0cBiological diversity and sustainable resources use a1st ed. b"vii, 158p. : ill. ; 22cm. ; hbk." aRijeka bIntechopen.com c2016 a"Grillo, Oscar" bedited by Oscar Grillo and Gianfranco Venora